000 00605nam a2200205 a 4500
001 BRCA_2636
005 20190320203911.0
008 011208s1913----gw-a---###---#000-0#ger-#
041 _ager
044 _agw
050 4 _aNC263
_b.R46 1913
100 1 _aRembrandt, Harmenszoon van Rijn
_d1606-1669
_97376
245 1 0 _aRembrandt Hundert Handzeichnungen
_cHarmensz van Rijn.
260 _aLeipzig, Alemania
_bA. Schumann´s
_c1913
300 _a1 v. (sin paginación)
_bil., 100 láminas en portafolio
_c35 cm.
500 _aA93
650 1 4 _aDibujos holandeses
_97502
902 _aGFM
942 _2lcc
_cB
999 _c2376
_d2376